[Event "Bratislava Slovan op"]
[Site "Bratislava"]
[Date "2019.05.03"]
[Round "3"]
[White "Cibiri, Ivan"]
[Black "Jambrich, Jaromir"]
[Result "1-0"]
[WhiteElo "1590"]
[BlackElo "1513"]
[PlyCount "59"]
[EventDate "2019.05.01"]
[EventType "swiss"]
[EventRounds "9"]
[EventCountry "SVK"]
[SourceTitle "CBM 190 Extra"]
[Source "ChessBase"]
[SourceDate "2019.07.15"]
[SourceVersion "1"]
[SourceVersionDate "2019.07.15"]
[SourceQuality "1"]

1. d4 Nf6 2. Nc3 d6 3. e4 g6 4. Be2 Bg7 5. Bf4 0-0 6. Qd2 c6 7. h4 b5 8. Bf3 Nbd7 9. h5 e5 10. Bh6 exd4 11. Nce2 Ne5 12. Bxg7 Nxf3+ 13. Nxf3 Kxg7 14. hxg6 fxg6 15. Nexd4 Nh5 16. Ng5 Qe8 17. 0-0-0 Qe5 18. Nxc6 Qf6 19. f3 Bd7 20. Nd4 a5 21. g4 h6 22. gxh5 hxg5 23. hxg6 Qxg6 24. Rdg1 Kf6 25. f4 Qxe4 26. fxg5+ Kg7 27. g6 Rh8 28. Rh7+ Rxh7 29. gxh7+ Kf6 30. Qg5+ 1-0

[Event "Bratislava Slovan op"]
[Site "Bratislava"]
[Date "2016.05.01"]
[Round "2"]
[White "Munk, Lubomir"]
[Black "Cibiri, Ivan"]
[Result "1/2-1/2"]
[WhiteElo "1820"]
[BlackElo "1491"]
[PlyCount "106"]
[EventDate "2016.04.30"]
[EventType "swiss"]
[EventRounds "9"]
[EventCountry "SVK"]
[SourceTitle "EXT 2017"]
[Source "ChessBase"]
[SourceDate "2016.10.25"]
[SourceVersion "1"]
[SourceVersionDate "2016.10.25"]
[SourceQuality "1"]

1. c4 g6 2. Nc3 Bg7 3. e4 d6 4. Nge2 Nc6 5. d4 e5 6. d5 Nce7 7. g3 f5 8. Bg2 Nf6 9. 0-0 0-0 10. f4 c6 11. fxe5 Ng4 12. exd6 Qxd6 13. Na4 b5 14. c5 Qe5 15. Bf4 Qf6 16. d6 bxa4 17. dxe7 Re8 18. h3 Ne5 19. exf5 Bxf5 20. Qd6 Rxe7 21. Nc3 Re6 22. Bxe5 Qxe5 23. Qxe5 Rxe5 24. Bxc6 Rc8 25. Bd5+ Kh8 26. g4 Be6 27. Bxe6 Rxe6 28. Nxa4 Re2 29. Rae1 Bd4+ 30. Kh1 Rc2 31. Rc1 Re2 32. Rb1 Rce8 33. Rf3 Rc2 34. Nc3 Bxc5 35. Rbf1 Bd4 36. Rf8+ Rxf8 37. Rxf8+ Kg7 38. Rb8 Bxc3 39. bxc3 Rxc3 40. Rb7+ Kg8 41. Rxa7 Rxh3+ 42. Kg2 Rd3 43. a4 h5 44. gxh5 gxh5 45. a5 h4 46. a6 h3+ 47. Kh2 Ra3 48. Ra8+ Kg7 49. a7 Kh7 50. Kg1 Ra2 51. Kh1 h2 52. Rf8 Rxa7 53. Kxh2 Kg6 1/2-1/2